[Event "Black Lives Matter"]
[Site "SchemingMind.com"]
[Date "2020.09.15"]
[Round "-"]
[White "Helga1946"]
[Black "Mihir Chandrashekhar"]
[Result "1-0"]
[WhiteCountry "GER"]
[BlackCountry "IND"]
[WhiteElo "2031"]
[WhiteRD "86"]
[BlackElo "1740"]
[BlackRD "65"]
[GameID "460088"]

1. c4 e6 2. a3 Nf6 3. d4 c5 4. d5 d6 5. Nf3 exd5 6. cxd5 g6 7. Nc3 Bg7 8. e4 O-O 9. Bd3 Bg4 10. h3 Bxf3
11. Qxf3 Nbd7 12. Bd2 Ne5 13. Qe2 Nxd3+ 14. Qxd3 Nd7 15. O-O f5 16. exf5 Ne5 17. Qb5 Rxf5 18. f4 Qh4 19. Kh1 Ng4 20. Qe2 Nh6
21. Qe6+ Nf7 22. Rae1 Bd4 23. Kh2 Bf2 24. Rxf2 Qxf2 25. Ne4 Rxf4 26. Nxf2
1-0

[Event "Black Lives Matter"]
[Site "SchemingMind.com"]
[Date "2020.10.04"]
[Round "-"]
[White "Helga1946"]
[Black "Gilligan"]
[Result "1-0"]
[WhiteCountry "GER"]
[BlackCountry "USA"]
[WhiteElo "2101"]
[WhiteRD "75"]
[BlackElo "1617"]
[BlackRD "63"]
[GameID "460811"]

1. e4 e5 2. Nf3 Nc6 3. Bb5 a6 4. Bxc6 dxc6 5. O-O Bg4 6. h3 Bh5 7. g4 Bg6 8. Nxe5 Qh4 9. Qf3 Nf6 10. d3 Bd6
11. Nxg6 hxg6 12. e5 Bxe5 13. Re1 Nd7 14. d4 O-O-O 15. dxe5 Nxe5 16. Rxe5 Rd1+ 17. Qxd1 Qxh3 18. Re8+ Rxe8 19. Nd2 Rd8 20. Qf3 Qh4
21. Nf1 f6 22. Bf4 g5 23. Bg3 Qh7 24. Re1 Qxc2 25. Re7 Rd7 26. Qe3 b6 27. Qe6 Qd3 28. Ne3 Qd4 29. Nf5 Qd3 30. Nd6+
1-0

[Event "Black Lives Matter"]
[Site "SchemingMind.com"]
[Date "2020.10.04"]
[Round "-"]
[White "Gilligan"]
[Black "Mihir Chandrashekhar"]
[Result "0-1"]
[WhiteCountry "USA"]
[BlackCountry "IND"]
[WhiteElo "1666"]
[WhiteRD "60"]
[BlackElo "1743"]
[BlackRD "70"]
[GameID "460812"]

1. e4 e5 2. Nf3 Nc6 3. Bc4 Nf6 4. d4 exd4 5. O-O Nxe4 6. Re1 d5 7. Bb5 Bb4 8. c3 dxc3 9. Qd4 cxb2 10. Bxb2 Bxe1
11. Qxg7 Bxf2+ 12. Kf1 Rf8 13. Ba3 Bc5 14. Bb2 Bd7 15. Nc3 Nb4 16. Ne5 Bxb5+ 17. Nxb5 c6 18. Nc3 Qf6+ 19. Qxf6 Nxf6 20. Re1 O-O-O
21. a3 Nc2 22. Rb1 Ne3+ 23. Ke2 Rde8 24. Nd3 Nxg2+ 25. Kd2 Ne4+ 26. Kc2 Ne3+ 27. Kc1 Nxc3 28. Bxc3 Bxa3+ 29. Kd2 Nc4+ 30. Kc2 Re2+
31. Kb3 Re3 32. Rd1 Bd6 33. h4 Rfe8 34. Bd4 Rxd3+ 35. Rxd3 a5 36. Kc2 f5
0-1

[Event "Black Lives Matter"]
[Site "SchemingMind.com"]
[Date "2020.10.08"]
[Round "-"]
[White "echecs"]
[Black "Helga1946"]
[Result "0-1"]
[WhiteCountry "ENG"]
[BlackCountry "GER"]
[WhiteElo "1786"]
[WhiteRD "72"]
[BlackElo "2101"]
[BlackRD "75"]
[GameID "460913"]

1. e4 d6 2. Nf3 c5 3. c3 Nf6 4. e5 dxe5 5. Nxe5 e6 6. Bb5+ Nbd7 7. Qf3 Bd6 8. Nxd7 Nxd7 9. O-O Qc7 10. g3 a6
11. Ba4 O-O 12. Na3 Ne5 13. Qe4 b5 14. Bc2 f5 15. Qe2 Bb7 16. f4 c4 17. fxe5 Bc5+ 18. Rf2 Qc6 19. Be4 fxe4
0-1

[Event "Black Lives Matter"]
[Site "SchemingMind.com"]
[Date "2020.10.07"]
[Round "-"]
[White "echecs"]
[Black "Gilligan"]
[Result "1-0"]
[WhiteCountry "ENG"]
[BlackCountry "USA"]
[WhiteElo "1832"]
[WhiteRD "66"]
[BlackElo "1640"]
[BlackRD "62"]
[GameID "460914"]

1. e4 e5 2. Nf3 Nc6 3. Bc4 Nf6 4. Ng5 d5 5. exd5 Na5 6. Bb5+ c6 7. dxc6 bxc6 8. Qf3 Qd6 9. Nc3 Bg4 10. Qe3 Nd5
11. Nxd5 Qxd5 12. Bf1 Bc5 13. Qe4 Qxe4+ 14. Nxe4 Bb6 15. Nd6+ Kf8 16. d3 Rd8 17. Ne4 Nb7 18. Be3 Ke7 19. Be2 Bf5 20. Ng3 Bg6
21. Bf3 Rc8 22. O-O Rhe8 23. Bg4 Rcd8 24. Bf3 Rc8 25. Bg4 Rc7 26. a3 Nd6 27. Be2 Kf8 28. Rad1 e4 29. Bf4 Re6 30. dxe4 Nxe4
31. Bxc7 Nxg3 32. hxg3 Rxe2 33. Bxb6 axb6 34. Rfe1 Rxe1+ 35. Rxe1 c5 36. c3 Bf5 37. f3 Be6 38. g4 g6 39. Kf2 Kg7 40. g5 h6
41. gxh6+ Kxh6 42. f4 Kg7 43. g3 Kf8 44. Kf3 Kg7 45. g4 Bd5+ 46. Kg3 Be6 47. Re5 Kf6 48. g5+ Kg7 49. b4 cxb4 50. cxb4 Bb3
51. Rb5 Be6 52. Rxb6 Kf8 53. Rb7 Ke8 54. a4 Kd8 55. a5 Kc8 56. Rb6 Bc4 57. Kf3 Bd5+ 58. Ke3 Kc7 59. Kd4 Be6 60. Ke5 Bc4
61. Rf6 Be6 62. Rxe6 fxe6 63. Kxe6 Kc6 64. f5
1-0

[Event "Black Lives Matter"]
[Site "SchemingMind.com"]
[Date "2020.10.06"]
[Round "-"]
[White "dpickin"]
[Black "Gilligan"]
[Result "0-1"]
[WhiteCountry "ENG"]
[BlackCountry "USA"]
[WhiteElo "1491"]
[WhiteRD "57"]
[BlackElo "1666"]
[BlackRD "60"]
[GameID "460915"]

1. d4 d5 2. c4 e6 3. Nf3 c6 4. c5 Nf6 5. e3 Be7 6. Nc3 O-O 7. Be2 Nbd7 8. O-O b6 9. b4 bxc5 10. b5 Bb7
11. Qa4 Nb6 12. Qc2 h6 13. e4 cxd4 14. Nxd4 c5 15. Nf3 d4 16. Rd1 Qc7 17. e5 Ng4 18. Ne4 Nxe5 19. g3 f5 20. Ned2 f4
21. Qb3 Bd5 22. Qc2 fxg3 23. hxg3 Nxf3+ 24. Nxf3 Bxf3 25. Bxf3 Rxf3 26. Qe4 Raf8 27. Qxe6+ R8f7 28. Rf1 Rf6 29. Qg4 Qd6 30. Bf4 Rxf4
31. gxf4 Rxf4 32. Qh5 Qf6 33. Rae1 Rh4 34. Qe8+ Kh7 35. f3 Qg5+ 36. Kf2 Rh2#
0-1

[Event "Black Lives Matter"]
[Site "SchemingMind.com"]
[Date "2020.10.07"]
[Round "-"]
[White "dpickin"]
[Black "echecs"]
[Result "0-1"]
[WhiteCountry "ENG"]
[BlackCountry "ENG"]
[WhiteElo "1511"]
[WhiteRD "52"]
[BlackElo "1832"]
[BlackRD "66"]
[GameID "460916"]

1. d4 d6 2. c4 e6 3. e3 c6 4. Nc3 a6 5. Be2 b5 6. a3 Be7 7. Nf3 bxc4 8. Bxc4 Nf6 9. O-O d5 10. Be2 O-O
11. Na4 Nbd7 12. Bd2 c5 13. dxc5 Nxc5 14. b4 Nxa4 15. Qxa4 Bd7 16. Qc2 Ne4 17. Bd3 Rc8 18. Qb2 Bf6 19. Nd4 Nxd2 20. Qxd2 Ra8
21. a4 e5 22. Nf5 e4 23. Bxa6 Bxa1 24. Rxa1 Rxa6 25. Qxd5 Bxf5 26. Qxf5 Rxa4 27. Rc1 Rxb4 28. h4 Re8 29. g3 Rb8 30. h5 Qf6
31. Qg4 Rb2 32. Rf1 Qf3 33. Qd7 Reb8 34. Kh2 Qxh5+ 35. Kg2 Qf3+ 36. Kg1 Qh5 37. Kg2 Qb5 38. Qd4 h6 39. Qxe4 Qb7 40. Qxb7 R8xb7
41. e4 Rb1 42. Rxb1 Rxb1 43. f4 Re1 44. Kf3 f6 45. g4 Kf7 46. f5 g6 47. fxg6+ Kxg6 48. Kf4 Rf1+ 49. Ke3 Kg5 50. Kd4 Kxg4
51. Kd3 h5 52. Ke2 Rf3
0-1

[Event "Black Lives Matter"]
[Site "SchemingMind.com"]
[Date "2020.10.07"]
[Round "-"]
[White "dpickin"]
[Black "Helga1946"]
[Result "0-1"]
[WhiteCountry "ENG"]
[BlackCountry "GER"]
[WhiteElo "1531"]
[WhiteRD "53"]
[BlackElo "2101"]
[BlackRD "75"]
[GameID "460917"]

1. d4 d5 2. c4 c6 3. e3 Bf5 4. Nc3 e6 5. Nf3 Nf6 6. Be2 h6 7. O-O Nbd7 8. h3 Bd6 9. c5 Bb8 10. Qb3 Qc7
11. Rd1 O-O 12. Bd3 Bxd3 13. Rxd3 e5 14. a4 e4 15. Rd1 exf3 16. g3 Qc8 17. a5 Nxc5 18. g4 Qc7 19. Qa3 Qh2+ 20. Kf1 Qh1#
0-1

[Event "Black Lives Matter"]
[Site "SchemingMind.com"]
[Date "2020.10.08"]
[Round "-"]
[White "Mihir Chandrashekhar"]
[Black "dpickin"]
[Result "1-0"]
[WhiteCountry "IND"]
[BlackCountry "ENG"]
[WhiteElo "1743"]
[WhiteRD "70"]
[BlackElo "1491"]
[BlackRD "57"]
[GameID "460918"]

1. d4 d5 2. c4 c6 3. Nc3 Nf6 4. Nf3 e6 5. Bg5 Be7 6. e3 c5 7. cxd5 exd5 8. dxc5 Bxc5 9. Bb5+ Nc6 10. O-O a6
11. Bxc6+ bxc6 12. Rc1 h6 13. Bh4 O-O 14. Na4 Be7 15. Nd4 Bd7 16. Nxc6 Bxc6 17. Rxc6 Qd7 18. Qc2 Rac8 19. Rc1
1-0

[Event "Black Lives Matter"]
[Site "SchemingMind.com"]
[Date "2020.10.07"]
[Round "-"]
[White "echecs"]
[Black "Mihir Chandrashekhar"]
[Result "1-0"]
[WhiteCountry "ENG"]
[BlackCountry "IND"]
[WhiteElo "1832"]
[WhiteRD "66"]
[BlackElo "1755"]
[BlackRD "71"]
[GameID "460919"]

1. e4 e6 2. d4 d5 3. e5 c5 4. c3 Qb6 5. Nf3 Bd7 6. Bd3 Bb5 7. O-O Bxd3 8. Qxd3 Nc6 9. Nbd2 c4 10. Qc2 Nge7
11. b3 Na5 12. bxc4 Nxc4 13. Nxc4 dxc4 14. Ba3 Nd5 15. Bxf8 Kxf8 16. Nd2 Qc6 17. Ne4 Ke7 18. Qd2 h6 19. Rab1 b5 20. a3 Rab8
21. Rfc1 Rb6 22. Qe2 f5 23. Nd6 g6 24. Qf3 a6 25. Qg3 Rg8 26. Qh4+
1-0

[Event "Black Lives Matter"]
[Site "SchemingMind.com"]
[Date "2020.10.10"]
[Round "-"]
[White "Ulrich Klapp"]
[Black "Gilligan"]
[Result "0-1"]
[WhiteCountry "GER"]
[BlackCountry "USA"]
[WhiteElo "1686"]
[WhiteRD "87"]
[BlackElo "1617"]
[BlackRD "63"]
[GameID "461029"]

1. c4 e5 2. Nc3 Nf6 3. g3 d5 4. cxd5 Nxd5 5. Bg2 c6 6. Nf3 Bd6 7. O-O O-O 8. e4 Nf6 9. d3 Nbd7 10. Be3 b6
11. a3 Bb7 12. Re1 Qc7 13. Qb3 h6 14. d4 Be7 15. Nxe5 Nxe5 16. dxe5 Ng4 17. Bd2 Bc5 18. Be3 Qxe5 19. Bxc5 Qxc5 20. Bf3 Qxf2+
21. Kh1 Qxh2#
0-1

[Event "Black Lives Matter"]
[Site "SchemingMind.com"]
[Date "2020.10.10"]
[Round "-"]
[White "Ulrich Klapp"]
[Black "echecs"]
[Result "0-1"]
[WhiteCountry "GER"]
[BlackCountry "ENG"]
[WhiteElo "1678"]
[WhiteRD "88"]
[BlackElo "1832"]
[BlackRD "66"]
[GameID "461030"]

1. g3 e5 2. Bg2 d5 3. d3 Nc6 4. Nf3 Nf6 5. a3 Be7 6. O-O O-O 7. Bd2 b6 8. Nc3 Bb7 9. h3 Rb8 10. Bg5 h6
11. Bxf6 Bxf6 12. Re1 Ne7 13. e4 d4 14. Ne2 Bc6 15. Qd2 Qc8 16. Qb4 a5 17. Qc4 Bd7 18. a4 Be6 19. Qb5 c6 20. Qxe5 Bxe5
21. Nxe5 c5 22. Nf4 Nc6 23. Nxe6 Qxe6 24. Nxc6 Qxc6
0-1

[Event "Black Lives Matter"]
[Site "SchemingMind.com"]
[Date "2020.10.10"]
[Round "-"]
[White "Ulrich Klapp"]
[Black "Helga1946"]
[Result "0-1"]
[WhiteCountry "GER"]
[BlackCountry "GER"]
[WhiteElo "1678"]
[WhiteRD "88"]
[BlackElo "2157"]
[BlackRD "69"]
[GameID "461031"]

1. d4 g6 2. Nf3 Nf6 3. c4 Bg7 4. Nc3 d5 5. e3 O-O 6. cxd5 Nxd5 7. Bd2 c5 8. Bc4 Nb6 9. Bb3 cxd4 10. Nxd4 Nc6
11. O-O Na5 12. Bc2 e5 13. Nf3 Be6 14. e4 Re8 15. Nb5 Nbc4 16. Bc3 Qb6 17. a4 a6 18. Na3 Nxa3 19. Rxa3 Rad8 20. Qe2 Bf8
21. b4 Bc4 22. Qe1 Nc6 23. a5 Qc7 24. Ra1 Bxf1 25. Qxf1 Na7 26. Qe1 Nb5 27. Ba4 Nxc3 28. Bxe8 Rxe8
0-1

[Event "Black Lives Matter"]
[Site "SchemingMind.com"]
[Date "2020.10.11"]
[Round "-"]
[White "dpickin"]
[Black "Ulrich Klapp"]
[Result "0-1"]
[WhiteCountry "ENG"]
[BlackCountry "GER"]
[WhiteElo "1529"]
[WhiteRD "55"]
[BlackElo "1707"]
[BlackRD "80"]
[GameID "461032"]

1. d4 d6 2. c4 e5 3. e3 Nc6 4. Nc3 Nf6 5. Nf3 Bf5 6. e4 Nxe4 7. Nxe4 Bxe4 8. Ng5 Bg6 9. g3 f6 10. Ne6 Qe7
11. d5 Nd4 12. Qa4+ c6 13. Bg2 b5 14. Qa5 Nc2+ 15. Kf1 Bd3+ 16. Kg1 Rc8 17. cxb5 Nxa1 18. bxc6 Nc2 19. Bf1 Bxf1 20. Kxf1 Nd4
21. Nxf8 Qxf8 22. Qxa7 Qe7 23. Qa6 Rb8 24. Qa4 Rb5 25. Kg2 O-O 26. b3 Rfb8 27. Be3 Nc2
0-1

[Event "Black Lives Matter"]
[Site "SchemingMind.com"]
[Date "2020.10.10"]
[Round "-"]
[White "Ulrich Klapp"]
[Black "Mihir Chandrashekhar"]
[Result "0-1"]
[WhiteCountry "GER"]
[BlackCountry "IND"]
[WhiteElo "1758"]
[WhiteRD "79"]
[BlackElo "1743"]
[BlackRD "70"]
[GameID "461033"]

1. e4 e5 2. Bc4 Bc5 3. Nf3 Nc6 4. O-O Nf6 5. Re1 O-O 6. d3 d6 7. Bd2 a6 8. Nc3 Na5 9. Bb3 Nxb3 10. cxb3 Bg4
11. h3 Bh5 12. g4 Nxg4 13. hxg4 Bxg4 14. Be3 Qf6 15. Nd5 Qxf3 16. Qxf3 Bxf3 17. Bxc5 dxc5 18. Nxc7 Rad8 19. Rac1 Rxd3 20. Rxc5 f5
21. Ne6 Rf6 22. Rc8+ Kf7 23. Rf8+ Kxe6 24. Rxf6+ Kxf6
0-1

[Event "Black Lives Matter"]
[Site "SchemingMind.com"]
[Date "2020.10.10"]
[Round "-"]
[White "Black Knight"]
[Black "echecs"]
[Result "0-1"]
[WhiteCountry "USA"]
[BlackCountry "ENG"]
[WhiteElo "1289"]
[WhiteRD "55"]
[BlackElo "1786"]
[BlackRD "72"]
[GameID "461037"]

1. e4 e5 2. Nf3 Nc6 3. Bb5 Nf6 4. O-O d6 5. Nc3 Bd7 6. d3 Be7 7. Bg5 O-O 8. Bxf6 Bxf6 9. Nd5 Bg4 10. h3 Bxf3
11. Qxf3 Bg5 12. Ne3 Nd4 13. Qd1 Nxb5 14. c3 c6 15. a4 Nc7 16. g3 Bf6 17. Nf5 g6 18. Nh6+ Kg7 19. Ng4 Be7 20. b4 Ne6
21. f3 Qb6+ 22. Kh2 a5 23. Rb1 axb4 24. Rxb4 Qc7 25. Qb1 Rfb8 26. Rf2 d5 27. Rfb2 Bxb4 28. Rxb4 h5 29. Ne3 d4 30. cxd4 Nxd4
31. Qb2 Nxf3+ 32. Kg2 Nd4 33. Qc3 Qd6 34. Nc4 Qc5 35. h4 b5 36. axb5 cxb5
0-1

[Event "Black Lives Matter"]
[Site "SchemingMind.com"]
[Date "2020.10.11"]
[Round "-"]
[White "Gilligan"]
[Black "Black Knight"]
[Result "1-0"]
[WhiteCountry "USA"]
[BlackCountry "USA"]
[WhiteElo "1617"]
[WhiteRD "63"]
[BlackElo "1289"]
[BlackRD "55"]
[GameID "461038"]

1. e4 e5 2. Nf3 Nc6 3. Bc4 Nf6 4. O-O Bc5 5. d4 Bxd4 6. c3 Bb6 7. Bg5 h6 8. Bh4 g5 9. Bg3 d6 10. h3 Nxe4
11. Qd5 Be6 12. Qxe4 d5 13. Bxd5 Qxd5 14. Nbd2 Qxe4 15. Nxe4 O-O-O 16. b3 Bd5 17. Rfe1 f5 18. Nf6 Bf7 19. Nxe5 Nxe5 20. Rxe5 f4
21. Bh2 Rd3 22. c4 Bd4 23. Rb1 Bxe5 24. Ng4 h5 25. Nxe5 Rf8 26. Nxd3 Bg6 27. Rd1 Rd8 28. Nb2 Rxd1+ 29. Nxd1 Bb1 30. Nc3 Bc2
31. h4 gxh4 32. Bxf4 Kd7 33. Bg5 h3 34. g3 c6 35. c5 b6 36. b4 b5 37. Ne2 Bf5 38. Nf4 Bg4 39. Kh2 Ke8 40. Nxh3
1-0

[Event "Black Lives Matter"]
[Site "SchemingMind.com"]
[Date "2020.10.11"]
[Round "-"]
[White "Helga1946"]
[Black "Black Knight"]
[Result "1-0"]
[WhiteCountry "GER"]
[BlackCountry "USA"]
[WhiteElo "2101"]
[WhiteRD "75"]
[BlackElo "1289"]
[BlackRD "55"]
[GameID "461039"]

1. e4 e5 2. Nf3 Nc6 3. Bc4 Bc5 4. c3 Nf6 5. d3 d6 6. O-O O-O 7. b4 Bb6 8. Nbd2 Bg4 9. a4 a6 10. h3 Bh5
11. Ba2 Ba7 12. Re1 Re8 13. Nf1 Ne7 14. Ng3 Bg6 15. Bg5 Nd7 16. Nf5 Bxf5 17. exf5 h6 18. d4 hxg5 19. Nxg5 d5 20. Qh5 Nf6
21. Qxf7+ Kh8 22. Ne6 Nxf5 23. Nxd8 Raxd8 24. Rxe5 Nd6 25. Rh5+ Nxh5 26. Qxh5+ Kg8 27. Qxd5+ Nf7 28. Qxf7+ Kh8 29. Qh5#
1-0

[Event "Black Lives Matter"]
[Site "SchemingMind.com"]
[Date "2020.10.11"]
[Round "-"]
[White "Black Knight"]
[Black "Ulrich Klapp"]
[Result "0-1"]
[WhiteCountry "USA"]
[BlackCountry "GER"]
[WhiteElo "1290"]
[WhiteRD "59"]
[BlackElo "1758"]
[BlackRD "79"]
[GameID "461040"]

1. e4 d6 2. d4 Nf6 3. Nc3 a6 4. Nf3 Nc6 5. Be2 e5 6. d5 Ne7 7. Bg5 h6 8. Bxf6 gxf6 9. O-O Bd7 10. Qd3 Bg7
11. b3 O-O 12. Nd1 Qc8 13. Ne3 Ng6 14. Nf5 Nf4 15. Qe3 Bxf5 16. exf5 Nxd5 17. Qd2 Nf4 18. g3 Nxe2+ 19. Qxe2 Re8 20. Nd2 Qxf5
21. Qf3 Qxc2 22. Nc4 e4 23. Qe3 d5 24. Na3 Qb2 25. b4 Qxb4 26. Rab1 Qd6 27. Rxb7 f5 28. Nc2 d4 29. Qf4 Qxf4 30. gxf4 Rab8
31. Rxc7 Rec8 32. Rxc8+ Rxc8 33. Rd1 Rxc2
0-1

[Event "Black Lives Matter"]
[Site "SchemingMind.com"]
[Date "2020.10.12"]
[Round "-"]
[White "Black Knight"]
[Black "dpickin"]
[Result "0-1"]
[WhiteCountry "USA"]
[BlackCountry "ENG"]
[WhiteElo "1289"]
[WhiteRD "55"]
[BlackElo "1531"]
[BlackRD "53"]
[GameID "461041"]

1. e4 c5 2. d3 Nc6 3. Nf3 e6 4. Nc3 Bd6 5. e5 Nxe5 6. Be2 Nf6 7. Bg5 O-O 8. O-O h6 9. Bxf6 Qxf6 10. Nxe5 Bxe5
11. Bf3 Bxc3 12. bxc3 Qxc3 13. h3 d5 14. Rb1 c4 15. Qe2 a5 16. dxc4 d4 17. Rb3 d3 18. Qe3 Qxc2 19. Rxd3 Qxa2 20. Rd4 a4
21. c5 a3 22. Rd2 Qc4 23. Be2 Qb4 24. Ra2 b6 25. c6 Ba6 26. Bxa6 Rxa6 27. Rfa1 Rc8 28. Rxa3 Rxa3 29. Rxa3 Rxc6 30. Ra8+ Kh7
31. Kh2 Rc3 32. Qe5 Qc5 33. Qe4+ f5 34. Qxe6 Qxf2 35. Qg8+ Kg6 36. Qe6+ Kg5 37. Qe7+ Kh5 38. Qf7+ g6 39. Ra2 Qg3+
0-1

[Event "Black Lives Matter"]
[Site "SchemingMind.com"]
[Date "2020.10.12"]
[Round "-"]
[White "Mihir Chandrashekhar"]
[Black "Black Knight"]
[Result "1-0"]
[WhiteCountry "IND"]
[BlackCountry "USA"]
[WhiteElo "1743"]
[WhiteRD "70"]
[BlackElo "1290"]
[BlackRD "59"]
[GameID "461042"]

1. d4 Nf6 2. Nf3 d5 3. g3 Bg4 4. Bg2 Nc6 5. O-O e6 6. h3 Bxf3 7. Bxf3 Bd6 8. c4 O-O 9. Nc3 a6 10. cxd5 exd5
11. Bg5 h6 12. Bxf6 Qxf6 13. e3 Ne7 14. Nxd5 Nxd5 15. Bxd5 c6 16. Bg2 Rfe8 17. Qb3 Rab8 18. Rac1 Re7 19. d5 c5 20. f4 Qg6
21. e4 f5 22. e5 b5 23. exd6 Qxd6 24. Rfe1 Rbe8 25. Rxe7 Qxe7 26. d6+ Qf7 27. Bd5
1-0

[Event "Black Lives Matter"]
[Site "SchemingMind.com"]
[Date "2020.10.15"]
[Round "-"]
[White "Derek Price"]
[Black "echecs"]
[Result "1-0"]
[WhiteCountry "ENG"]
[BlackCountry "ENG"]
[WhiteElo "2305"]
[WhiteRD "73"]
[BlackElo "1832"]
[BlackRD "66"]
[GameID "461161"]

1. c4 c5 2. Nf3 Nf6 3. Nc3 Nc6 4. g3 g6 5. Bg2 Bg7 6. O-O d6 7. d4 cxd4 8. Nxd4 Bd7 9. Nxc6 bxc6 10. Bf4 O-O
11. Qd2 Be6 12. Bxc6 Rc8 13. Bd5 Bxd5 14. cxd5 Qb6 15. Rac1 Qa5 16. b3 Nh5 17. Ne4 Qb5 18. Be3 a6 19. Rfd1 Nf6 20. Rxc8 Rxc8
21. Nxf6+ Bxf6 22. Qd3 Qa5 23. a4 Rc3 24. Qb1 Qb4 25. Bd2 Qxb3 26. Bxc3 Qxc3 27. Qd3 Qa5 28. Qc4 Kg7 29. Kg2 Be5 30. Rb1 f5
31. Rb7 Bf6 32. Ra7 Kh6 33. Rxa6 Qe1 34. a5 Kh5 35. Ra7 g5 36. a6 Kg6 37. Rb7 Qa1 38. a7 h5 39. Qc8 h4 40. Qg8+ Kh5
41. Qh7+
1-0

[Event "Black Lives Matter"]
[Site "SchemingMind.com"]
[Date "2020.10.15"]
[Round "-"]
[White "Gilligan"]
[Black "Derek Price"]
[Result "0-1"]
[WhiteCountry "USA"]
[BlackCountry "ENG"]
[WhiteElo "1617"]
[WhiteRD "63"]
[BlackElo "2302"]
[BlackRD "71"]
[GameID "461162"]

1. e4 c5 2. Nf3 d6 3. c3 Nf6 4. e5 dxe5 5. Nxe5 Qc7 6. Nf3 Nc6 7. Bc4 a6 8. O-O b5 9. Bb3 Bf5 10. d3 Rd8
11. Bc2 Bxd3 12. Bxd3 c4 13. Nd4 Nxd4 14. Be2 Nf3+ 15. Bxf3 Rxd1 16. Rxd1 e6 17. Nd2 Bc5 18. Nf1 O-O 19. Be3 Bxe3 20. Nxe3 Nd7
21. Rd2 Ne5 22. Be2 Rd8 23. Rxd8+ Qxd8 24. b3 g6 25. h3 Kg7 26. f4 Nc6 27. bxc4 b4 28. cxb4 Qd4
0-1

[Event "Black Lives Matter"]
[Site "SchemingMind.com"]
[Date "2020.10.15"]
[Round "-"]
[White "Black Knight"]
[Black "Derek Price"]
[Result "0-1"]
[WhiteCountry "USA"]
[BlackCountry "ENG"]
[WhiteElo "1289"]
[WhiteRD "55"]
[BlackElo "2302"]
[BlackRD "71"]
[GameID "461163"]

1. e4 c5 2. Nf3 d6 3. Bb5+ Nd7 4. Nc3 Nf6 5. d3 a6 6. Bxd7+ Bxd7 7. Be3 e5 8. O-O Be7 9. Nd5 Nxd5 10. exd5 O-O
11. c4 f5 12. Qd2 f4 13. Bxc5 dxc5 14. Nxe5 Bd6 15. Nxd7 Qxd7 16. Rfe1 f3 17. g3 Qh3
0-1

[Event "Black Lives Matter"]
[Site "SchemingMind.com"]
[Date "2020.10.16"]
[Round "-"]
[White "Derek Price"]
[Black "Ulrich Klapp"]
[Result "1-0"]
[WhiteCountry "ENG"]
[BlackCountry "GER"]
[WhiteElo "2305"]
[WhiteRD "73"]
[BlackElo "1678"]
[BlackRD "88"]
[GameID "461164"]

1. c4 e5 2. Nc3 Nf6 3. Nf3 Bd6 4. g3 O-O 5. Bg2 Nc6 6. O-O Re8 7. d3 a6 8. Be3 h6 9. a3 b6 10. Nh4 Bb7
11. Nf5 Bc5 12. b4 Bxe3 13. fxe3 Rb8 14. Qc2 a5 15. b5 Ne7 16. Nxh6+ Kf8 17. Bxb7 Rxb7 18. d4 exd4 19. Rxf6 gxf6 20. Qh7 dxc3
21. Qxf7#
1-0

[Event "Black Lives Matter"]
[Site "SchemingMind.com"]
[Date "2020.10.15"]
[Round "-"]
[White "Derek Price"]
[Black "Helga1946"]
[Result "1/2-1/2"]
[WhiteCountry "ENG"]
[BlackCountry "GER"]
[WhiteElo "2302"]
[WhiteRD "71"]
[BlackElo "2101"]
[BlackRD "75"]
[GameID "461165"]

1. d4 Nf6 2. c4 e6 3. Nc3 Bb4 4. Qc2 d5 5. cxd5 exd5 6. Bg5 h6 7. Bh4 Be6 8. e3 c5 9. dxc5 O-O 10. Nf3 Nbd7
11. a3 Bxc3+ 12. Qxc3 g5 13. Bg3 Ne4 14. Qc2 Rc8 15. b4 Ndxc5 16. bxc5 Qa5+ 17. Nd2 Rxc5 18. Qb2 Rfc8 19. Rd1 Nc3 20. Rc1 d4
21. Qb4 dxe3 22. Qxa5 exd2+ 23. Kxd2 Ne4+ 24. Ke3 Rxa5 25. Rxc8+ Bxc8 26. Kxe4 f5+ 27. Kd4 f4 28. Bc4+ Kg7 29. Bxf4 gxf4=
1/2-1/2

[Event "Black Lives Matter"]
[Site "SchemingMind.com"]
[Date "2020.10.19"]
[Round "-"]
[White "Derek Price"]
[Black "dpickin"]
[Result "1-0"]
[WhiteCountry "ENG"]
[BlackCountry "ENG"]
[WhiteElo "2259"]
[WhiteRD "72"]
[BlackElo "1491"]
[BlackRD "57"]
[GameID "461166"]

1. c4 c5 2. Nf3 d6 3. Nc3 Bg4 4. e3 Nf6 5. Be2 g6 6. h3 Bf5 7. d4 Ne4 8. Nxe4 Bxe4 9. O-O cxd4 10. Qxd4 Bxf3
11. Bxf3 e5 12. Qd5 Nc6 13. b4 Qf6 14. Qb5 O-O-O 15. Bxc6 bxc6 16. Qxc6+ Kb8 17. c5 Rc8 18. Qb5+ Ka8 19. c6 Rb8 20. Qa4 Be7
21. e4 d5 22. exd5 Rxb4 23. Qa5 e4 24. Be3 Kb8 25. Qxa7+ Kc8 26. Qd7+ Kb8 27. c7+ Kb7 28. c8=Q#
1-0

[Event "Black Lives Matter"]
[Site "SchemingMind.com"]
[Date "2020.10.16"]
[Round "-"]
[White "Mihir Chandrashekhar"]
[Black "Derek Price"]
[Result "1/2-1/2"]
[WhiteCountry "IND"]
[BlackCountry "ENG"]
[WhiteElo "1743"]
[WhiteRD "70"]
[BlackElo "2259"]
[BlackRD "72"]
[GameID "461167"]

1. g3 Nf6 2. Bg2 d5 3. d3 e6 4. Nd2 Bc5 5. Ngf3 O-O 6. O-O Nbd7 7. e4 dxe4 8. Nxe4 Nxe4 9. dxe4 e5 10. Qe2 Qe7
11. Bd2 Nf6 12. Bc3 Bg4 13. h3 Bxf3 14. Bxf3 Bb4 15. Bxb4 Qxb4 16. c3 Qe7 17. Rad1 Rad8 18. Qe3 b6 19. Kg2 Qe6 20. b3 c5
21. Be2 Qc6 22. f3 h6 23. Rd2 Rxd2 24. Qxd2 b5 25. Rd1 Rc8 26. Qd6 Qxd6 27. Rxd6 b4 28. cxb4 cxb4 29. Bc4 Kf8 30. Kf2 Rb8
31. Ra6 Rb7 32. Ra5 Nd7 33. Ke3 f6 34. Be6 Ke7 35. Bxd7=
1/2-1/2

[Event "Black Lives Matter"]
[Site "SchemingMind.com"]
[Date "2020.10.21"]
[Round "-"]
[White "Derek Price"]
[Black "Kenny Elliott"]
[Result "1-0"]
[WhiteCountry "ENG"]
[BlackCountry "USA"]
[WhiteElo "2302"]
[WhiteRD "71"]
[BlackElo "1504"]
[BlackRD "64"]
[GameID "461286"]

1. c4 c5 2. Nf3 Nf6 3. Nc3 Nc6 4. g3 g6 5. Bg2 Bg7 6. O-O O-O 7. d4 cxd4 8. Nxd4 Nxd4 9. Qxd4 Rb8 10. Qxa7 Qc7
11. Nb5 Qxc4 12. a4 Qxe2 13. Qxb8 Nh5 14. Na7 Bxb2 15. Bxb2 Qxb2 16. Nxc8 Qf6 17. Qxb7
1-0

[Event "Black Lives Matter"]
[Site "SchemingMind.com"]
[Date "2020.10.21"]
[Round "-"]
[White "Kenny Elliott"]
[Black "echecs"]
[Result "0-1"]
[WhiteCountry "USA"]
[BlackCountry "ENG"]
[WhiteElo "1534"]
[WhiteRD "61"]
[BlackElo "1832"]
[BlackRD "66"]
[GameID "461287"]

1. d4 d6 2. e4 Nf6 3. Nc3 g6 4. Bf4 Bg7 5. Nf3 c6 6. Be2 O-O 7. O-O a6 8. e5 Nh5 9. Be3 dxe5 10. dxe5 Bg4
11. Qxd8 Rxd8 12. Rad1 Nd7 13. e6 Bxe6 14. Bd4 Nf4 15. Bxg7 Nxe2+ 16. Nxe2 Kxg7 17. Nc3 Nb6 18. Rfe1 Re8 19. h3 Bf5 20. Rd2 Nc4
21. Rde2 Nxb2 22. Rxe7 Rxe7 23. Rxe7 Rb8 24. Ne5 Be6 25. Ne4 Bxa2 26. Ng5 Kf6 27. Nexf7 Kxe7 28. Nh6 Bg8
0-1